01094nab a22002297a 4500003000400000005001700004008004100021040000700062100002800069245020500097260007300302300001200375500003700387505009700424505008200521650001800603650001700621650003200638650001400670700003100684773014900715OSt20251218080257.0190429b xxu||||| |||| 00| 0 spa d cPJ aÁlvarez Doyle, Daniel13aAportes para una futura reforma del Código Penal argentino A propósito de las fórmulas nebulosas de los incisos 1° y 11 del art. 80 del Código Penal /cDaniel Alvarez Doyle, Juan Cruz Chapuy. cCiudad Autónoma de Buenos Aires :aThomson Reuters La Ley, b2025. ap. 5-19 aCita: TR LALEY AR/DOC/394/2025  aSumario: I. Introito.— II. Relación de pareja.— III. Femicidio.— IV. Bibliografía. tSi te interesa el texto completo, solicitalo a koha@justierradelfuego.gov.ar  0aDERECHO PENAL 0aCODIGO PENAL 0aDELITOS CONTRA LAS PERSONAS 0aFEMICIDIO aChapuy, Juan Cruzecoautor0 02658tRevista de derecho penal y criminología. Nº 3 - Abril 2025dCiudad Autónoma de Buenos Aires : Thomson Reuters La Ley, 2017-x00347914